00854nam a2200301Ia 4500001000700000003000500007008004100012010001100053040000900064082001500073100004400088245008700132260003700219300001000256440000500266500000500271503000800276650004200284650004200326650002400368901001500392902000600407910000900413942000600422942000700428999001900435952009800454Z_1299CHAP220113s1989 xx 000 0 und d a164387 cCHAP a636.085 L6 aLópez Magaldi, Mario Agustín968070 aNutrición y alimentación de la vaca y el ternero /cpor M. A. López Magaldi aBuenos Aires :bAlbatros,c1989 a265 p a a aC/E aBecerrosxAlimentación I.t.9138536 aGanado vacunoxAlimentación 945429 aNutrición animal  a636.085 L6 aA a1989 c1 cc1 c164387d164387 00102ddc40708GRALaZbZc3d2005-11-09pz_1365r2022-01-18 00:00:00t1w2022-01-18yLIBRO